000 00801cam a2200277 4500
001 2268261
003 OSt
005 20230620081939.0
008 710708s1971 nyu b 001 0 eng
010 _a 78137991
020 _a0394315367
040 _aDLC
_cDLC
_dDLC
043 _an-us---
050 0 0 _aJA71
_b.E3 1971
082 0 0 _a320
_219
_bEAS
100 1 _aEaston, David,
_d1917-2014.
245 1 4 _aThe political system;
_ban inquiry into the state of political science.
250 _a2d ed.
260 _aNew York,
_bKnopf
_c[1971]
300 _axx, 377, x p.
_c21 cm.
504 _aIncludes bibliographical references.
650 0 _aPolitical science.
650 0 _aPolitical science
_zUnited States
_xHistory.
906 _a7
_bcbc
_corignew
_d2
_encip
_f19
_gy-gencatlg
942 _2ddc
_cBK
999 _c1451
_d1451